1874 1566 1383 1317 1184 1846 1696 1366 1900 1305 1439 1045 1792 1914 1114 1504 1610 1881 1453 1952 1443 1343 1620 1166 1345 1342 1713 1055 1478 1009 1610 1581 1583 1212 1659 1674 1963 1242 1726 1100 1880 1855 1831 1096 1880 1902 1619 1709 1944 1238 1085 1706 1929 1630 1357 1725 1173 1829 1490 1314 1031 1859 1698 1852 1489 1245 1000 1622 1899 1583 1982 1492 1888 1159 1246 1747 1689 1928 1173 1029 1869 1236 1224 1799 1108 1379 1691 1244 1192 1956 1877 1717 1308 1954 1424 1144 1256 1162 1237 BCNSPRNW ULIB Ver.6.0+V

เปลี่ยนเป็นภาษาไทย

Change to English
 แสดงรายละเอียดบรรณานุกรม
  กลับหน้าหลัก

Brief Record : Get Marc (ISO 2709) : E-mail record : QR code < ปิดหน้าต่าง
LEADER : 00000nam 2200000uu 4500
001    13399124572
003     ULIB
008    150924s2557||||th 000 0 tha d
020    ^a9786169129813
060 04 ^aWT100^bว837ก
100 0  ^aวีรศักดิ์ เมืองไพศาล
245 10 ^aการจัดการภาวะฉุกเฉินสำหรับผู้สูงอายุ=^bEmergency Management for the Elderly/^cวีรศักดิ์ เมืองไพศาล,บรรณาธิการ
250    ^aพิมพ์ครั้งที่ 1
260    ^aกรุงเทพฯ :^bสมาคมพฤฒาวิทยาและเวชศาสตร์ผู้สูงอายุไทย,^c2557.
300    ^a238 หน้า :^bภาพประกอบ ;^c26 ซม.
650  7 ^aผู้สูงอายุ
650  7 ^aภาวะฉุกเฉิน^xผู้สูงอายุ
710 1  ^aสมาคมพฤฒาวิทยาและเวชศาสตร์ผู้สูงอายุไทย
945    ^p300^l0^i039913
945    ^p300^l0^i039912
945    ^p300^l0^i039911
945    ^p300^l0^i039910
945    ^p300^l0^i039909
945    ^p300^l0^i039908
945    ^p300^l0^i039907
945    ^p300^l0^i039906
945    ^p300^l0^i039905
945    ^p300^l0^i039904
999    ^aเกษร โพธิ์สุวรรณ
รายการนี้ยังไม่มีแท็ก
คุณยังไม่ได้ล็อกอิน คุณสามารถมีกิจกรรมร่วมกับเว็บไซต์ได้ แต่ต้องล็อกอินก่อน ::
  ล็อกอิน

รายการสื่อสารสนเทศ

ลำดับที่ ประเภท เลขเรียก/บาร์โค้ด สถานที่ สถานะ
1. Book การพยาบาล
Book การพยาบาล
สถานะ=หนังสือเก่า
WT100 ว837ก ฉ.1 
  Barcode: 039904
ห้องสมุดวิทยาเขตสวรรค์ประชารักษ์
►ส่วนจัดเก็บหนังสือเก่า สปร
บนชั้น
  ขอยืม
2. Book การพยาบาล
Book การพยาบาล
สถานะ=หนังสือเก่า
WT100 ว837ก ฉ.10 
  Barcode: 039913
ห้องสมุดวิทยาเขตสวรรค์ประชารักษ์
►ส่วนจัดเก็บหนังสือเก่า สปร
บนชั้น
  ขอยืม
3. Book การพยาบาล
Book การพยาบาล
สถานะ=หนังสือเก่า
WT100 ว837ก ฉ.2 
  Barcode: 039905
ห้องสมุดวิทยาเขตสวรรค์ประชารักษ์
►ส่วนจัดเก็บหนังสือเก่า สปร
บนชั้น
  ขอยืม
4. Book การพยาบาล
Book การพยาบาล
สถานะ=หนังสือเก่า
WT100 ว837ก ฉ.3 
  Barcode: 039906
ห้องสมุดวิทยาเขตสวรรค์ประชารักษ์
►ส่วนจัดเก็บหนังสือเก่า สปร
บนชั้น
  ขอยืม
5. Book การพยาบาล
Book การพยาบาล
สถานะ=หนังสือเก่า
WT100 ว837ก ฉ.4 
  Barcode: 039907
ห้องสมุดวิทยาเขตสวรรค์ประชารักษ์
►ส่วนจัดเก็บหนังสือเก่า สปร
บนชั้น
  ขอยืม
6. Book การพยาบาล
Book การพยาบาล
สถานะ=หนังสือเก่า
WT100 ว837ก ฉ.5 
  Barcode: 039908
ห้องสมุดวิทยาเขตสวรรค์ประชารักษ์
►ส่วนจัดเก็บหนังสือเก่า สปร
บนชั้น
  ขอยืม
7. Book การพยาบาล
Book การพยาบาล
สถานะ=หนังสือเก่า
WT100 ว837ก ฉ.6 
  Barcode: 039909
ห้องสมุดวิทยาเขตสวรรค์ประชารักษ์
►ส่วนจัดเก็บหนังสือเก่า สปร
บนชั้น
  ขอยืม
8. Book การพยาบาล
Book การพยาบาล
สถานะ=หนังสือเก่า
WT100 ว837ก ฉ.7 
  Barcode: 039910
ห้องสมุดวิทยาเขตสวรรค์ประชารักษ์
►ส่วนจัดเก็บหนังสือเก่า สปร
บนชั้น
  ขอยืม
9. Book การพยาบาล
Book การพยาบาล
สถานะ=หนังสือเก่า
WT100 ว837ก ฉ.8 
  Barcode: 039911
ห้องสมุดวิทยาเขตสวรรค์ประชารักษ์
►ส่วนจัดเก็บหนังสือเก่า สปร
บนชั้น
  ขอยืม
10. Book การพยาบาล
Book การพยาบาล
สถานะ=หนังสือเก่า
WT100 ว837ก ฉ.9 
  Barcode: 039912
ห้องสมุดวิทยาเขตสวรรค์ประชารักษ์
►ส่วนจัดเก็บหนังสือเก่า สปร
บนชั้น
  ขอยืม

รายการใกล้เคียง
    ผู้แต่ง [วีรศักดิ์ เมืองไพศาล]

    หัวเรื่อง [ผู้สูงอายุ]

BibComment


ยังไม่เคยถูกคอมเมนท์

คอมเมนท์ทรัพยากรรายการนี้
  คอมเมนท์: การจัดการภาวะฉุก..


 Copyright 2026. Bcnsprnw @Library